000 00433nam a22001337a 4500
020 _a9781433820854
082 _a371.713
100 _aDennis J. Simon
245 _aSchool-centered interventions
260 _aWashington
_bAPA
_c2016
300 _a317p
942 _cBK
999 _c3455
_d3455